[Event "SVM_Regionalliga_2024-25"]
[Site "?"]
[Date "2024.09.01"]
[Round "1.2"]
[Board "1"]
[White "Henrotte,Nils"]
[Black "Marcziter,Alex"]
[WhiteTeam "Eschweiler SC 1"]
[BlackTeam "SG Porz 4"]
[WhiteElo "1987"]
[BlackElo "2052"]
[WhiteDWZ "1977"]
[BlackDWZ "2050"]
[Result "0-1"]
[PlyCount "78"]
[EventDate "2024.09.01"]
[SourceDate "2024.09.01"]
 
1. e3 Nf6 2. b3 g6 3. Bb2 Bg7 4. d3 O-O 5. Nd2 d6 6. h3 e5 7. g4 Be6 8. Bg2 c6 9. g5 Ne8 10. h4 f5 11. Bh3 Nc7 12. Ngf3 Nd7 13. Nc4 b5 14. Nxd6 Nc5 15. Ba3 Qxd6 16. O-O N7a6 17. Qe2 b4 18. Bb2 Nc7 19. Rad1 f4 20. Bg2 Bg4 21. d4 exd4 22. Bxd4 Bxd4 23. Rxd4 Qe6 24. Rxb4 Rae8 25. Qc4 N7a6 26. Nd4 Qxc4 27. Rxc4 fxe3 28. fxe3 Rxf1+ 29. Kxf1 Rxe3 30. Kf2 Re8 31. Nxc6 Be6 32. Rd4 Rf8+ 33. Kg3 Rf7 34. b4 Nb7 35. Ne5 Rc7 36. Nc6 {(=)} Bxa2 37. c4 Kg7 38. Bd5 Nd6 39. b5 Nf5+ 0-1

[Event "SVM_Regionalliga_2024-25"]
[Site "?"]
[Date "2024.09.01"]
[Round "1.2"]
[Board "2"]
[White "Thalwitzer,David"]
[Black "Kliffken,Julian"]
[WhiteTeam "SG Porz 4"]
[BlackTeam "Eschweiler SC 1"]
[WhiteElo "2121"]
[BlackElo "1713"]
[WhiteDWZ "2078"]
[BlackDWZ "1949"]
[Result "0-1"]
[PlyCount "92"]
[EventDate "2024.09.01"]
[SourceDate "2024.09.01"]
 
1. e4 c6 2. d4 d5 3. exd5 cxd5 4. c4 Nf6 5. Nc3 Nc6 6. Be3 a6 7. c5 b5 8. cxb6 Qxb6 9. Rb1 e6 10. Bd3 Bd7 11. a3 Bd6 12. Nf3 Na7 13. O-O Bb5 14. Na4 Qa5 15. Nc5 Bxc5 16. dxc5 O-O 17. Bd4 Ne4 18. Ne5 f6 19. Ng4 Bxd3 {(=)} 20. Qxd3 Nc6 21. f3 Nxc5 22. Qe3 Nxd4 23. Qxd4 Qb6 24. Rfe1 Qd6 25. b4 Nd7 26. Nf2 e5 27. Qd3 Rfd8 28. Rec1 Nb6 29. Rc5 Nc4 30. Rc1 Qe6 31. Qb3 Rac8 32. Rd1 Rxc5 33. bxc5 Qc6 34. Qb4 Rc8 35. Nd3 f5 36. g3 e4 37. fxe4 fxe4 38. Nf4 Qxc5+ 39. Qxc5 Rxc5 40. Nxd5 Nxa3 41. Nf4 g5 42. Nh5 e3 43. Rd7 Rf5 44. g4 e2 45. Rd8+ Kf7 46. Rd7+ Ke8 0-1

[Event "SVM_Regionalliga_2024-25"]
[Site "?"]
[Date "2024.09.01"]
[Round "1.2"]
[Board "3"]
[White "Singh,Marcel"]
[Black "Wagenknecht,Uwe"]
[WhiteTeam "Eschweiler SC 1"]
[BlackTeam "SG Porz 4"]
[WhiteElo "1911"]
[BlackElo "2118"]
[WhiteDWZ "1835"]
[BlackDWZ "2086"]
[Result "1/2-1/2"]
[PlyCount "21"]
[EventDate "2024.09.01"]
[SourceDate "2024.09.01"]
 
1. e4 c5 2. c3 e6 3. d4 d5 4. e5 Nc6 5. Nf3 Qb6 6. a3 Bd7 7. b4 cxd4 8. cxd4 a6 9. Nc3 Na7 10. Bd3 Rc8 11. Na4 {(=)} 1/2-1/2

[Event "SVM_Regionalliga_2024-25"]
[Site "?"]
[Date "2024.09.01"]
[Round "1.2"]
[Board "4"]
[White "Holzwarth,Felix"]
[Black "Schüller,Tobias"]
[WhiteTeam "SG Porz 4"]
[BlackTeam "Eschweiler SC 1"]
[WhiteElo "1991"]
[BlackElo "2018"]
[WhiteDWZ "2021"]
[BlackDWZ "1979"]
[Result "1/2-1/2"]
[PlyCount "233"]
[EventDate "2024.09.01"]
[SourceDate "2024.09.01"]
 
1. d4 d5 2. Nc3 Nf6 3. Bf4 a6 4. e3 e6 5. Nf3 Bb4 6. Bd3 c5 7. dxc5 Qa5 8. O-O Bxc3 9. bxc3 Qxc5 10. Rb1 O-O 11. c4 Nbd7 12. cxd5 Nxd5 13. Ng5 h6 14. Ne4 Qc6 15. Bd6 f5 16. Bxf8 fxe4 17. Bxg7 exd3 18. Qg4 Kh7 19. cxd3 e5 20. Qg3 Nc3 21. Rb2 Qb6 22. Rc2 Qc5 23. d4 Ne4 24. dxc5 Nxg3 25. hxg3 Kxg7 26. Rd1 Nb8 27. Rd6 Nc6 28. Rc4 Bf5 29. g4 Bg6 30. Rd7+ Bf7 31. Rxb7 Na5 32. Rcb4 Nxb7 33. Rxb7 Rc8 34. Ra7 Rxc5 35. Rxa6 Rc1+ 36. Kh2 Rc2 37. Kg3 Rxa2 38. Rb6 Ra3 39. Rb5 Kf6 40. Rb6+ Be6 41. Kh4 Ra4 42. f3 Rc4 43. Ra6 Rb4 44. Ra8 Rb3 45. Rh8 Kg7 46. Re8 Kf7 47. Rh8 Kg7 48. Re8 Rb6 49. Ra8 Bf7 50. Ra5 Re6 51. g5 e4 52. gxh6+ Kxh6 53. Kg3 Bg6 54. Ra3 Bh5 55. fxe4 Rxe4 56. Kf2 Bg6 57. Kf3 Kg5 58. Ra5+ Bf5 59. Rb5 Rc4 60. Ra5 Kf6 61. Ra6+ Ke7 62. Ra7+ Kd6 63. Rf7 Be4+ 64. Kg3 Rc3 65. Kf4 Bxg2 66. Rf6+ Ke7 67. Ra6 Bd5 68. Ke5 Bb7 69. Kd4 Rb3 70. Rh6 Bc8 71. Rc6 Be6 72. Rc3 Rb4+ 73. Ke5 Rb5+ 74. Kf4 Kf6 75. Ra3 Rb4+ 76. e4 Bd5 77. Re3 Bb7 78. Re1 Ke6 79. Re2 Rb1 80. Re3 Ba8 81. Ra3 Rf1+ 82. Rf3 Rh1 83. Rg3 Rh6 84. Rg5 Bc6 85. Re5+ Kd7 86. Rg5 Ke6 87. Re5+ Kd7 88. Rg5 Kd6 89. Rg8 Rf6+ 90. Ke3 Re6 91. Rg4 Be8 92. Rg5 Bg6 93. Rd5+ Ke7 94. Rd4 Rf6 95. Rd5 Rf1 96. Rd4 Bh5 97. Rd5 Rf3+ 98. Kd4 Bf7 99. Ra5 Be6 100. Ke5 Rh3 101. Ra7+ Bd7 102. Kd4 Kd6 103. Ra1 Bb5 104. Rd1 Ba6 105. Rd2 Ra3 106. Rd1 Bb7 107. Rc1 Bc6 108. Rc3 Ra1 109. Rc4 Re1 110. Kd3 Bb7 111. Kd2 Rh1 112. Ke3 Bc6 113. Kf4 Rd1 114. Rc3 Rd4 115. Re3 Rd2 116. Rb3 Re2 117. Re3 1/2-1/2

[Event "SVM_Regionalliga_2024-25"]
[Site "?"]
[Date "2024.09.01"]
[Round "1.2"]
[Board "5"]
[White "Weisshaupt,Rainer"]
[Black "Sistig,Max"]
[WhiteTeam "Eschweiler SC 1"]
[BlackTeam "SG Porz 4"]
[WhiteElo "2059"]
[BlackElo "1972"]
[WhiteDWZ "1939"]
[BlackDWZ "1983"]
[Result "1/2-1/2"]
[PlyCount "74"]
[EventDate "2024.09.01"]
[SourceDate "2024.09.01"]
 
1. e4 c5 2. Nf3 Nc6 3. Na3 e5 4. Bb5 Nge7 5. O-O a6 6. Bxc6 Nxc6 7. c3 d5 8. exd5 Qxd5 9. Re1 Be7 10. Qb3 Qxb3 11. axb3 f6 12. Nc4 Be6 13. d4 Bxc4 14. bxc4 cxd4 15. cxd4 Nxd4 16. Nxd4 exd4 17. Bf4 Kf7 18. Rad1 Bc5 19. Kf1 Rhe8 20. Bd2 Rad8 21. b4 Bb6 22. Bf4 Rxe1+ 23. Kxe1 Ke6 24. Kd2 g5 25. Bg3 Rd7 26. Kd3 h5 27. f3 a5 28. Re1+ Kf5 29. c5 Bc7 30. b5 Be5 31. Ra1 Rc7 32. Kc4 b6 33. c6 Ke6 34. Rd1 Rc8 35. Bf2 Rd8 36. Bxd4 Bxd4 37. Rxd4 Rxd4+ {(=)} 1/2-1/2

[Event "SVM_Regionalliga_2024-25"]
[Site "?"]
[Date "2024.09.01"]
[Round "1.2"]
[Board "7"]
[White "Federau,Jürgen"]
[Black "Seemann,Mathis"]
[WhiteTeam "Eschweiler SC 1"]
[BlackTeam "SG Porz 4"]
[WhiteElo "2124"]
[BlackElo "1861"]
[WhiteDWZ "2142"]
[BlackDWZ "1898"]
[Result "1/2-1/2"]
[PlyCount "93"]
[EventDate "2024.09.01"]
[SourceDate "2024.09.01"]
 
1. d4 d5 2. c4 e6 3. Nc3 Nf6 4. Bg5 Be7 5. e3 Nbd7 6. Nf3 O-O 7. Qc2 c6 8. Bd3 dxc4 9. Bxc4 Nd5 10. Bxe7 Qxe7 11. O-O Nxc3 12. Qxc3 Nf6 13. Ne5 Nd5 14. Qc2 f6 15. Nd3 Kh8 16. Rfd1 b6 17. Rac1 Bd7 18. a3 g5 19. e4 Nf4 20. Qd2 Ng6 21. Ba6 Rad8 22. Qb4 Bc8 23. Bxc8 Rxc8 24. Rc4 Rfd8 25. Qc3 Kg7 26. Rc1 Qd7 27. Ne1 Ne7 28. Qh3 Ng6 29. g3 h6 30. Nf3 f5 31. exf5 exf5 32. Qh5 Re8 33. h3 Qd5 34. R4c3 f4 35. Qg4 fxg3 36. fxg3 Rf8 37. Re1 Rce8 38. Rce3 Rxe3 39. Rxe3 c5 40. dxc5 Qxc5 41. Qd4+ Qxd4 42. Nxd4 Rf7 43. Re8 Ne7 44. Ne6+ Kf6 45. Nd4 a5 46. Rh8 Ke5 47. Rd8 {(=)} 1/2-1/2

[Event "SVM_Regionalliga_2024-25"]
[Site "?"]
[Date "2024.09.01"]
[Round "1.2"]
[Board "8"]
[White "Hackbusch,Thomas"]
[Black "Oepen,Lothar"]
[WhiteTeam "SG Porz 4"]
[BlackTeam "Eschweiler SC 1"]
[WhiteElo "1798"]
[BlackElo "2064"]
[WhiteDWZ "1844"]
[BlackDWZ "2036"]
[Result "1/2-1/2"]
[PlyCount "24"]
[EventDate "2024.09.01"]
[SourceDate "2024.09.01"]
 
1. d4 e6 2. Nf3 d5 3. c4 Nf6 4. Nc3 Be7 5. Bg5 Nbd7 6. e3 dxc4 7. Bxc4 c6 8. O-O Nd5 9. Bxe7 Qxe7 10. Rc1 O-O 11. Qe2 a6 12. Rfd1 Rd8 {(=)} 1/2-1/2

[Event "SVM_Regionalliga_2024-25"]
[Site "?"]
[Date "2024.09.01"]
[Round "1.3"]
[Board "1"]
[White "Kocur,Alois"]
[Black "Herzwurm,Robert"]
[WhiteTeam "SV Springer Hitdorf 1"]
[BlackTeam "SK Turm Euskirchen 1"]
[WhiteElo "2243"]
[BlackElo "1955"]
[WhiteDWZ "2180"]
[BlackDWZ "1952"]
[Result "1-0"]
[PlyCount "65"]
[EventDate "2024.09.01"]
[SourceDate "2024.09.01"]
 
1. e4 e6 2. Nf3 d5 3. e5 c5 4. c3 Nc6 5. Na3 Bd7 6. Nc2 f6 7. d4 fxe5 8. Nxe5 Nxe5 9. dxe5 Qc7 10. f4 O-O-O 11. Bd3 g5 12. O-O Ne7 13. f5 exf5 14. Bxg5 Qxe5 15. Qh5 Rg8 16. Bxe7 Bxe7 17. Bxf5 Rg5 18. Bxd7+ Rxd7 19. Qh3 Bd6 20. Rae1 Qg7 21. Ne3 Kc7 22. Nf5 Qg6 23. Nxd6 Rxd6 24. Re7+ Kb6 25. Kh1 Rg4 26. b4 Re6 27. bxc5+ Kxc5 28. Rxb7 Qe4 29. Rg1 Qf4 30. Rb4 Re4 31. Qd3 Rc4 32. Qxh7 Qe5 33. Qxa7+ 1-0

[Event "SVM_Regionalliga_2024-25"]
[Site "?"]
[Date "2024.09.01"]
[Round "1.3"]
[Board "3"]
[White "Schmitz,Andreas Arnold"]
[Black "Neubauer,Jürgen"]
[WhiteTeam "SV Springer Hitdorf 1"]
[BlackTeam "SK Turm Euskirchen 1"]
[WhiteElo "1962"]
[BlackElo "1997"]
[WhiteDWZ "2007"]
[BlackDWZ "1994"]
[Result "1/2-1/2"]
[PlyCount "109"]
[EventDate "2024.09.01"]
[SourceDate "2024.09.01"]
 
1. e4 c5 2. c3 d5 3. exd5 Qxd5 4. d4 Nc6 5. Nf3 Bg4 6. Be2 O-O-O 7. Be3 cxd4 8. cxd4 e5 9. Nc3 Bb4 10. O-O Bxc3 11. bxc3 exd4 12. cxd4 Nf6 13. Qa4 Qa5 14. Qxa5 Nxa5 15. Rfc1+ Nc6 16. h3 Bxf3 17. Bxf3 Nd5 18. Rc5 Nxe3 19. fxe3 Kd7 20. Rac1 Rhe8 21. Kf2 Rb8 22. Bxc6+ bxc6 23. Rxc6 Rb2+ 24. R1c2 Reb8 25. Kf3 a5 26. Rc7+ Ke8 27. R2c5 Rxa2 28. Ra7 Ra1 29. Rcc7 Rf1+ 30. Ke4 Kf8 31. Rxa5 g6 32. Re5 Rb2 33. Rg5 h6 34. Rg3 Rff2 35. d5 Rb4+ 36. Ke5 Rf5+ 37. Kd6 Rb6+ {(=)} 38. Kc5 Rb3 39. Kc4 Rb1 40. d6 Rc1+ 41. Kb4 Rb1+ 42. Ka4 Rd5 43. Rc6 Rd2 44. e4 Ke8 45. Rc8+ Kd7 46. Rc7+ Kxd6 47. Rxf7 Ra2+ 48. Ra3 Rxa3+ 49. Kxa3 Ke6 50. Rf4 Rb6 51. Rh4 h5 52. g4 hxg4 53. Rxg4 Ke5 54. h4 Kf6 55. Ka4 {(=)} 1/2-1/2

[Event "SVM_Regionalliga_2024-25"]
[Site "?"]
[Date "2024.09.01"]
[Round "1.3"]
[Board "5"]
[White "Pyrowicz,Jacek"]
[Black "Hack,Thomas"]
[WhiteTeam "SV Springer Hitdorf 1"]
[BlackTeam "SK Turm Euskirchen 1"]
[WhiteElo "1929"]
[BlackElo "2014"]
[WhiteDWZ "1852"]
[BlackDWZ "1907"]
[Result "0-1"]
[PlyCount "70"]
[EventDate "2024.09.01"]
[SourceDate "2024.09.01"]
 
1. d4 Nf6 2. c4 e6 3. Nc3 Bb4 4. e3 O-O 5. Bd3 d6 6. Nge2 c5 7. O-O Nc6 8. Qc2 Ba5 9. a3 e5 10. dxc5 dxc5 11. Rd1 Bd7 12. Ne4 Nxe4 13. Bxe4 g6 14. Bxc6 bxc6 15. e4 Qe7 16. h4 Bg4 17. f3 Be6 18. Bg5 f6 19. Be3 f5 20. Bg5 Qf7 21. b3 Bd8 22. Bh6 Re8 23. g3 f4 24. gxf4 Bxh4 25. Kg2 Bf6 26. f5 gxf5 27. exf5 Qh5 28. Ng3 Qxh6 29. Rh1 Qg7 30. fxe6 Rxe6 31. Kf2 e4 32. Nf5 Bd4+ 33. Ke2 exf3+ 34. Kxf3 Rf8 35. Raf1 Re3+ 0-1

[Event "SVM_Regionalliga_2024-25"]
[Site "?"]
[Date "2024.09.01"]
[Round "1.3"]
[Board "6"]
[White "Reckers,Sebastian"]
[Black "Schmitz,Manuela"]
[WhiteTeam "SK Turm Euskirchen 1"]
[BlackTeam "SV Springer Hitdorf 1"]
[WhiteElo "2012"]
[BlackElo "1842"]
[WhiteDWZ "1861"]
[BlackDWZ "1820"]
[Result "0-1"]
[PlyCount "54"]
[EventDate "2024.09.01"]
[SourceDate "2024.09.01"]
 
1. e4 e6 2. d4 d5 3. e5 c5 4. c3 Nc6 5. Nf3 Bd7 6. Be2 Nge7 7. Na3 cxd4 8. cxd4 Nf5 9. Nc2 Be7 10. O-O O-O 11. a3 Rc8 12. g4 Nh4 13. Nxh4 Bxh4 14. f4 f6 15. b4 fxe5 16. dxe5 Be7 17. g5 a5 18. Bd3 Qe8 19. Qg4 axb4 20. Bxh7+ Kxh7 21. Rf3 Qg6 22. axb4 Nxb4 23. Nxb4 Bxb4 24. f5 Rxf5 25. Rh3+ Kg8 26. Qxb4 Rxc1+ 27. Rxc1 Qxg5+ 0-1

[Event "SVM_Regionalliga_2024-25"]
[Site "?"]
[Date "2024.09.01"]
[Round "1.3"]
[Board "7"]
[White "Kocur,Beata"]
[Black "Alnafkhosh,Nashaat"]
[WhiteTeam "SV Springer Hitdorf 1"]
[BlackTeam "SK Turm Euskirchen 1"]
[WhiteElo "1914"]
[BlackElo "1853"]
[WhiteDWZ "1781"]
[BlackDWZ "1815"]
[Result "1/2-1/2"]
[PlyCount "82"]
[EventDate "2024.09.01"]
[SourceDate "2024.09.01"]
 
1. e4 c5 2. Nf3 d6 3. d4 cxd4 4. Nxd4 Nf6 5. Nc3 a6 6. a4 e6 7. Bg5 Be7 8. Nb3 b6 9. Be2 Bb7 10. f3 Nbd7 11. O-O O-O 12. Be3 d5 13. exd5 Nxd5 14. Nxd5 Bxd5 15. c4 Bb7 16. Qe1 Bf6 17. Nd4 Rc8 18. Qf2 Qe7 19. b3 e5 20. Nf5 Qe6 21. Ng3 e4 22. Rab1 exf3 23. Bxf3 {(=)} Bxf3 24. Qxf3 Ne5 25. Qf5 Rfe8 26. Qxe6 Rxe6 27. Bf4 Nd3 28. h3 h6 29. Rf3 Bd4+ 30. Kh2 Nc5 31. Nf5 Bf6 32. Ne3 g5 33. Bg3 Ne4 34. Nd5 Bg7 35. Rd1 Nxg3 36. Kxg3 Rce8 37. Kf2 Re2+ 38. Kf1 Rb2 39. Re1 Rxe1+ 40. Kxe1 Bd4 41. Kf1 Rb1+ {(=)} 1/2-1/2

[Event "SVM_Regionalliga_2024-25"]
[Site "?"]
[Date "2024.09.01"]
[Round "1.4"]
[Board "1"]
[White "Esser,Michael"]
[Black "Borriss,Martin"]
[WhiteTeam "Bayer Leverkusen 1"]
[BlackTeam "SG Siebengebirge 1"]
[WhiteElo "2019"]
[BlackElo "2427"]
[WhiteDWZ "2001"]
[BlackDWZ "2403"]
[Result "0-1"]
[PlyCount "154"]
[EventDate "2024.09.01"]
[SourceDate "2024.09.01"]
 
1. e4 c5 2. c3 Nf6 3. e5 Nd5 4. d4 cxd4 5. Nf3 Nc6 6. Bc4 Nb6 7. Bb3 d5 8. exd6
Qxd6 9. O-O Be6 10. Bxe6 Qxe6 11. Nxd4 Nxd4 12. Qxd4 Rd8 13. Qh4 Qe2 14. Nd2 e5
15. Qg3 f6 16. Qf3 Qxf3 17. Nxf3 Na4 18. Be3 b6 19. Rab1 Bc5 20. Bxc5 bxc5 21.
Rfc1 {(=)} Rd3 22. Ne1 Rd2 23. Nf3 Rd3 24. Ne1 Rd7 25. b3 Nb6 26. Rd1 Nd5 27.
c4 Nc3 28. Rxd7 Kxd7 29. Rb2 Kc6 30. Rc2 Ne4 31. f3 Ng5 32. Rd2 Ne6 33. Kf2 a5
34. Ke3 a4 35. Kd3 Nd4 36. Kc3 axb3 37. axb3 Ra8 38. Rb2 Ra1 39. Kd2 Ra3 40.
Nc2 Nxc2 41. Kxc2 Ra1 42. Kc3 Rc1+ 43. Kd2 Rg1 44. Kc3 f5 45. Re2 {(=)} Kd6 46.
Rc2 e4 47. fxe4 fxe4 48. b4 cxb4+ 49. Kxb4 Rb1+ 50. Kc3 Kc5 51. Kd2 Rb3 52. Ke2
h5 53. h3 h4 54. Kf2 Kd4 55. Ke2 Rg3 56. Kd1 Rg5 57. Ke1 Kd3 58. Kd1 Rc5 59.
Rd2+ Kxc4 60. Ke2 Rd5 61. Ra2 Kd4 62. Ra7 g6 63. Re7 Rg5 64. Kf2 e3+ 65. Kf1
Rf5+ 66. Ke1 Rf2 67. Rd7+ Ke4 68. Re7+ Kf4 69. Rf7+ Kg3 70. Rg7 Rf6 71. Re7
Kxg2 72. Rxe3 Rf3 73. Re6 g5 74. Re5 Rg3 75. Re2+ Kg1 76. Re5 g4 77. hxg4 h3
0-1

[Event "SVM_Regionalliga_2024-25"]
[Site "?"]
[Date "2024.09.01"]
[Round "1.4"]
[Board "2"]
[White "Richter,Dirk"]
[Black "Böhm,Stefan"]
[WhiteTeam "SG Siebengebirge 1"]
[BlackTeam "Bayer Leverkusen 1"]
[WhiteElo "2112"]
[BlackElo "1980"]
[WhiteDWZ "2020"]
[BlackDWZ "1977"]
[Result "1/2-1/2"]
[PlyCount "55"]
[EventDate "2024.09.01"]
[SourceDate "2024.09.01"]
 
1. c4 e6 2. Nc3 d5 3. d4 c5 4. Nf3 cxd4 5. Nxd4 e5 6. Nf3 d4 7. Nd5 Ne7 8. e4
dxe3 9. Nxe3 Qxd1+ 10. Nxd1 Nbc6 11. Ne3 f6 12. Be2 Be6 13. O-O Rd8 14. Rd1
Rxd1+ 15. Bxd1 Nf5 16. Nxf5 Bxf5 17. Be3 Bd6 18. Ba4 a6 19. Rd1 Ke7 20. h3 Rc8
{(=)} 21. c5 Bb8 22. a3 Rd8 23. Rxd8 Nxd8 24. Kf1 Bd7 25. Bc2 g6 26. Ke2 Bc6
27. g3 Ne6 28. Nd2 {(=)} 1/2-1/2

[Event "SVM_Regionalliga_2024-25"]
[Site "?"]
[Date "2024.09.01"]
[Round "1.4"]
[Board "3"]
[White "Claßen,Harald"]
[Black "Borriss,Benjamin"]
[WhiteTeam "Bayer Leverkusen 1"]
[BlackTeam "SG Siebengebirge 1"]
[WhiteElo "1970"]
[BlackElo "1814"]
[WhiteDWZ "1944"]
[BlackDWZ "1958"]
[Result "1/2-1/2"]
[PlyCount "55"]
[EventDate "2024.09.01"]
[SourceDate "2024.09.01"]
 
1. c4 Nf6 2. Nc3 e6 3. e4 d5 4. e5 d4 5. exf6 dxc3 6. bxc3 Qxf6 7. d4 c5 8. Nf3
h6 9. Bd3 Nc6 10. Bb2 Bd6 11. Qe2 O-O 12. O-O e5 13. Rfe1 Bg4 14. Qe4 Qg6 15.
Qxc6 bxc6 16. Bxg6 Bxf3 17. dxe5 Be7 18. Bf5 Bh5 19. f3 Rab8 20. Rab1 Rfd8 21.
Ba3 Bg6 22. Bxg6 fxg6 23. Rxb8 Rxb8 24. Rd1 Kf7 25. Rd7 Ke6 26. Rxa7 Rd8 27. f4
Rd3 28. g4 {(=)} 1/2-1/2

[Event "SVM_Regionalliga_2024-25"]
[Site "?"]
[Date "2024.09.01"]
[Round "1.4"]
[Board "4"]
[White "Wambach,Patrick"]
[Black "Lessing,Sebastian"]
[WhiteTeam "SG Siebengebirge 1"]
[BlackTeam "Bayer Leverkusen 1"]
[WhiteElo "1977"]
[BlackElo "1884"]
[WhiteDWZ "1994"]
[BlackDWZ "1841"]
[Result "1/2-1/2"]
[PlyCount "42"]
[EventDate "2024.09.01"]
[SourceDate "2024.09.01"]
 
1. Nf3 d5 2. c4 c6 3. b3 Nf6 4. Bb2 Bf5 5. g3 e6 6. Bg2 Bd6 7. O-O Nbd7 8. d3
Qc7 9. Nc3 dxc4 10. bxc4 h5 11. e4 Bg4 12. d4 e5 13. d5 h4 14. Qd2 hxg3 15.
hxg3 Bb4 16. Nb5 cxb5 17. Qxb4 Bxf3 18. Bxf3 Qxc4 19. Ba3 Qxb4 20. Bxb4 Nb6 21.
Rac1 Nc4 {(=)} 1/2-1/2

[Event "SVM_Regionalliga_2024-25"]
[Site "?"]
[Date "2024.09.01"]
[Round "1.4"]
[Board "5"]
[White "Eßer,Julian"]
[Black "Schild,Willi"]
[WhiteTeam "Bayer Leverkusen 1"]
[BlackTeam "SG Siebengebirge 1"]
[WhiteElo "1835"]
[BlackElo "2057"]
[WhiteDWZ "1911"]
[BlackDWZ "1805"]
[Result "1/2-1/2"]
[PlyCount "51"]
[EventDate "2024.09.01"]
[SourceDate "2024.09.01"]
 
1. e4 d5 2. Nc3 dxe4 3. Nxe4 Nf6 4. Nxf6+ gxf6 5. Qh5 Qd4 6. Ne2 Qg4 7. Qxg4
Bxg4 8. d4 e5 9. f3 Be6 10. Be3 Nc6 11. c3 O-O-O 12. g3 h5 13. Bg2 h4 14. f4
Bd5 15. Bxd5 Rxd5 16. fxe5 fxe5 17. O-O Rd7 18. Rf5 hxg3 19. hxg3 exd4 20. Nxd4
Nxd4 21. Bxd4 Rh7 22. Re1 Bd6 23. Re8+ Rd8 24. Rxd8+ Kxd8 25. Kg2 b6 26. Be5 {
(=)} 1/2-1/2

[Event "SVM_Regionalliga_2024-25"]
[Site "?"]
[Date "2024.09.01"]
[Round "1.4"]
[Board "6"]
[White "Anderton,Philip"]
[Black "Henseler,Klaus"]
[WhiteTeam "SG Siebengebirge 1"]
[BlackTeam "Bayer Leverkusen 1"]
[WhiteElo "1957"]
[BlackElo "1926"]
[WhiteDWZ "1856"]
[BlackDWZ "1796"]
[Result "1/2-1/2"]
[PlyCount "79"]
[EventDate "2024.09.01"]
[SourceDate "2024.09.01"]
 
1. d4 Nf6 2. c4 e6 3. Nc3 Bb4 4. e3 O-O 5. Nge2 c5 6. a3 cxd4 7. exd4 Bxc3+ 8.
Nxc3 d5 9. Bg5 h6 10. Bh4 dxc4 11. Bxc4 Nbd7 12. O-O a6 13. d5 Nb6 14. Ba2
Nbxd5 15. Bxd5 exd5 16. Nxd5 g5 17. Nxf6+ Qxf6 18. Bg3 Rd8 19. Qb3 b5 20. Rfe1
Be6 21. Qb4 Rd5 22. h4 a5 23. hxg5 hxg5 24. Qe4 Rc8 25. Be5 Qf5 26. Bc3 Qxe4
27. Rxe4 a4 28. Rae1 Kh7 29. f3 Kg6 30. Kf2 Rcd8 31. g4 Rd3 32. Re5 Bd5 33. Rf5
Rd6 34. Ree5 f6 35. Re7 Bc4 36. Re1 R3d5 37. Rxd5 Bxd5 38. Rd1 Rd7 39. Kg3 Bc6
40. Rxd7 {(=)} 1/2-1/2

[Event "SVM_Regionalliga_2024-25"]
[Site "?"]
[Date "2024.09.01"]
[Round "1.5"]
[Board "1"]
[White "Krings,Thomas"]
[Black "König,Christian"]
[WhiteTeam "SV Horrem 1"]
[BlackTeam "SF Lohmar 1"]
[WhiteElo "1766"]
[BlackElo "2036"]
[WhiteDWZ "2045"]
[BlackDWZ "2033"]
[Result "1/2-1/2"]
[PlyCount "79"]
[EventDate "2024.09.01"]
[SourceDate "2024.09.01"]
 
1. e4 c6 2. d4 d5 3. exd5 cxd5 4. Bd3 Nc6 5. c3 Qc7 6. h3 g6 7. Nf3 Bf5 8. Be2 Nf6 9. O-O Bg7 10. Be3 O-O 11. Nbd2 Rad8 12. Re1 Rfe8 13. Rc1 a6 14. Bf1 b5 15. Nb3 Ne4 16. Nfd2 Nd6 17. Nc5 Bc8 18. f4 Nf5 19. Qf3 Bh6 20. Nd3 f6 21. g4 Nxe3 22. Qxe3 e5 23. g5 exf4 24. Qxe8+ Rxe8 25. Rxe8+ Kf7 26. Rxc8 Qxc8 27. gxh6 Qf5 28. Nf3 g5 29. Re1 Ne7 30. Nf2 Qg6 31. Ng4 Qh5 32. Kg2 Nf5 33. Bd3 Nh4+ 34. Nxh4 Qxh4 35. Nf2 Qg3+ 36. Kf1 f3 37. Re3 Qf4 38. Ng4 Qg3 39. Nf2 Qf4 40. Ng4 {(=)} 1/2-1/2

[Event "SVM_Regionalliga_2024-25"]
[Site "?"]
[Date "2024.09.01"]
[Round "1.5"]
[Board "3"]
[White "Hess,Christian"]
[Black "Akstinat,Sven-Holger"]
[WhiteTeam "SV Horrem 1"]
[BlackTeam "SF Lohmar 1"]
[WhiteElo "2135"]
[BlackElo "1999"]
[WhiteDWZ "1983"]
[BlackDWZ "1939"]
[Result "1-0"]
[PlyCount "85"]
[EventDate "2024.09.01"]
[SourceDate "2024.09.01"]
 
1. Nf3 d5 2. d4 c6 3. e3 Bf5 4. Bd3 Bxd3 5. Qxd3 Nf6 6. Nbd2 Nbd7 7. e4 dxe4 8. Nxe4 Nxe4 9. Qxe4 Nf6 10. Qe2 e6 11. Bd2 Be7 12. O-O-O Qd5 13. Kb1 O-O 14. Bg5 Qf5 15. h3 Rfe8 16. Rhe1 a6 17. g4 Qa5 18. Ne5 Nd5 19. Bd2 Qc7 20. c4 Nf6 21. g5 Nd7 22. Ng4 Bf8 23. f4 Red8 24. Qe4 a5 25. h4 c5 26. d5 exd5 27. cxd5 Bd6 28. h5 Nf8 29. f5 Bg3 30. Rg1 Re8 31. Qf3 Be5 32. h6 g6 33. Bc3 Nd7 34. d6 Qc6 35. Qd3 c4 36. Qc2 b5 37. Bxe5 Rxe5 38. Nxe5 Nxe5 39. Rge1 Nd7 40. Qc3 f6 41. gxf6 Rf8 42. f7+ Rxf7 43. Re8+ 1-0

[Event "SVM_Regionalliga_2024-25"]
[Site "?"]
[Date "2024.09.01"]
[Round "1.5"]
[Board "4"]
[White "Weiler,Wolfgang"]
[Black "Schulz,Wilhelm"]
[WhiteTeam "SF Lohmar 1"]
[BlackTeam "SV Horrem 1"]
[WhiteElo "1925"]
[BlackElo "2046"]
[WhiteDWZ "1890"]
[BlackDWZ "2002"]
[Result "0-1"]
[PlyCount "94"]
[EventDate "2024.09.01"]
[SourceDate "2024.09.01"]
 
1. e4 c5 2. Nc3 e6 3. f4 a6 4. Nf3 Nc6 5. d3 d5 6. Qe2 Nge7 7. g3 d4 8. Nd1 g6 9. Bg2 Bg7 10. c4 Bd7 11. Nf2 Qc7 12. e5 Na7 13. Ne4 Nac8 14. O-O Bc6 15. b4 Bxe4 16. Qxe4 cxb4 17. Nxd4 Rb8 18. a3 bxa3 19. Bxa3 O-O 20. Rab1 Rd8 21. Rfd1 Bf8 22. Nb3 b6 23. g4 b5 24. Nc5 b4 25. Nxa6 Qb6+ 26. d4 Qxa6 27. Qd3 Nc6 28. Bb2 Bc5 29. Ra1 Qb6 30. Bxc6 Qxc6 31. Qb3 Bf8 32. d5 Qb6+ 33. Kg2 Bc5 34. Rd3 Ne7 35. Rad1 Ra8 36. Rh3 Qb7 37. Qg3 exd5 38. Qh4 dxc4+ 39. Kg3 Rxd1 40. Qxh7+ Kf8 41. e6 Nf5+ 42. gxf5 Rg1+ 43. Kh4 Bf2+ 44. Rg3 Bxg3+ 45. Kg4 Bxh2+ 46. Kh4 Bg3+ 47. Kg4 Be1+ 0-1

[Event "SVM_Regionalliga_2024-25"]
[Site "?"]
[Date "2024.09.01"]
[Round "1.5"]
[Board "5"]
[White "Allatif,Kinan"]
[Black "Weber,Olaf"]
[WhiteTeam "SV Horrem 1"]
[BlackTeam "SF Lohmar 1"]
[WhiteElo "1881"]
[BlackElo "2027"]
[WhiteDWZ "1884"]
[BlackDWZ "1866"]
[Result "1/2-1/2"]
[PlyCount "113"]
[EventDate "2024.09.01"]
[SourceDate "2024.09.01"]
 
1. d4 Nf6 2. Bf4 e6 3. Nf3 d5 4. c3 Bd6 5. Bg5 O-O 6. Nbd2 Nbd7 7. e4 dxe4 8. Nxe4 Be7 9. Nxf6+ Nxf6 10. Bd3 Nd5 11. h4 b6 12. Qc2 h6 13. Bd2 Bb7 14. Qc1 f5 15. Qd1 Nf6 16. Qe2 Ne4 17. Ne5 c5 18. Be3 cxd4 19. Bxd4 Bc5 20. Nf3 Qe7 21. O-O-O Rac8 22. Rhg1 Bxd4 23. Nxd4 Qf6 24. Bc4 Bd5 25. Bxd5 exd5 26. f3 Nc5 27. g4 Rfe8 28. Qd2 f4 29. g5 hxg5 30. Rxg5 Re3 31. Rdg1 Nd3+ 32. Kb1 Rce8 33. Rxg7+ Kh8 34. a3 Re1+ 35. Ka2 Nc1+ 36. Qxc1 Rxc1 37. R7g6 Rxg1 38. Rxf6 Ree1 39. Rxf4 a5 40. Nb5 Re2 41. Kb3 Rgg2 42. Nc7 Rxb2+ 43. Ka4 Rgd2 44. Rf8+ Kh7 45. Nb5 Rh2 46. Rf4 Rh3 47. Nc7 Rd2 48. Kb5 Rd3 49. Kxb6 Rxc3 50. a4 Rhxf3 51. Rxf3 Rxf3 52. Nxd5 Kg6 53. Nc7 Kf6 54. Kxa5 Rh3 55. Kb6 Rxh4 56. a5 Ra4 57. a6 {(=)} 1/2-1/2

[Event "SVM_Regionalliga_2024-25"]
[Site "?"]
[Date "2024.09.01"]
[Round "1.5"]
[Board "8"]
[White "Rokitta,Uwe"]
[Black "Klöpper,Karl"]
[WhiteTeam "SF Lohmar 1"]
[BlackTeam "SV Horrem 1"]
[WhiteElo "1901"]
[BlackElo "1793"]
[WhiteDWZ "1641"]
[BlackDWZ "1797"]
[Result "1/2-1/2"]
[PlyCount "30"]
[EventDate "2024.09.01"]
[SourceDate "2024.09.01"]
 
1. d4 Nf6 2. Bf4 d5 3. e3 e6 4. c3 c5 5. Nf3 Be7 6. Bd3 c4 7. Bc2 b5 8. Nbd2 Bb7 9. Ne5 Nbd7 10. h4 Nxe5 11. dxe5 Nd7 12. Qg4 Bf8 13. Nf3 Qb6 14. Ng5 h6 15. Nf3 Nc5 {(=)} 1/2-1/2